[Event "Chigorin Memorial 2019"]
[Site "St Petersburg RUS"]
[Date "2019.10.09"]
[Round "5.58"]
[White "Al Hosani, Omran"]
[Black "Skuratovich, Yakov"]
[Result "1-0"]
[WhiteTitle "FM"]
[WhiteElo "2289"]
[BlackElo "2097"]
[WhiteFideId "9308733"]
[BlackFideId "24116785"]
[EventDate "2019.10.05"]

1. Nf3 Nf6 2. d4 d5 3. c4 e6 4. Nc3 Nbd7 5. Bf4 c6 6. e3 Be7 7. Bd3 O-O 8. Ne5
dxc4 9. Nxc4 Nb6 10. O-O Nxc4 11. Bxc4 b6 12. Qe2 Bb7 13. Rfd1 Nd5 14. Bg3 Nxc3
15. bxc3 Bd6 16. f4 Qe7 17. e4 c5 18. e5 Bc7 19. d5 exd5 20. Bxd5 Bxd5 21. Rxd5
Rad8 22. c4 b5 23. Rxd8 Rxd8 24. cxb5 Qd7 25. Bf2 Qf5 26. Bxc5 Qxf4 27. Rf1 Qg5
28. Kh1 Bb6 29. Bxb6 axb6 30. e6 fxe6 31. Qxe6+ Kh8 32. Qxb6 h6 33. h3 Rd2 34.
Qc6 Qe5 35. a4 Ra2 36. Qc4 Ra1 37. Qc8+ Kh7 38. Qc2+ g6 39. Rb1 Ra3 40. b6 Qd5
41. Qc7+ Kg8 42. Qc8+ Kg7 43. b7 1-0

[Event "Chigorin Memorial 2019"]
[Site "St Petersburg RUS"]
[Date "2019.10.09"]
[Round "5.59"]
[White "Martynyuk, Elizaveta"]
[Black "Sichinava, Zviad"]
[Result "0-1"]
[WhiteTitle "FM"]
[WhiteElo "2072"]
[BlackElo "2278"]
[WhiteFideId "24128511"]
[BlackFideId "24111716"]
[EventDate "2019.10.05"]

1. e4 e6 2. d4 d5 3. Nc3 Nf6 4. e5 Nfd7 5. f4 c5 6. Nf3 Nc6 7. Be3 Be7 8. Qd2
O-O 9. dxc5 Nxc5 10. O-O-O a6 11. Qf2 Qa5 12. Nd4 Bd7 13. Kb1 Rac8 14. Nb3 Nxb3
15. axb3 d4 16. Bxd4 Nxd4 17. Qxd4 Bc6 18. Qf2 Bb4 19. Bd3 f5 20. Rhe1 Bb5 21.
Re2 Rxc3 22. Bxb5 axb5 23. Qd4 Ra8 24. Kc1 Qa1+ 25. Kd2 Rc4+ 26. Ke3 Rxd4 27.
Rxa1 Re4+ 0-1

[Event "Chigorin Memorial 2019"]
[Site "St Petersburg RUS"]
[Date "2019.10.09"]
[Round "5.60"]
[White "Saidov, Bilukhadzh"]
[Black "Miroshnik, Ekaterina"]
[Result "1-0"]
[WhiteTitle "FM"]
[BlackTitle "WFM"]
[WhiteElo "2260"]
[BlackElo "2089"]
[WhiteFideId "34165476"]
[BlackFideId "34127698"]
[EventDate "2019.10.05"]

1. d4 d5 2. Bf4 Nf6 3. e3 e6 4. Nf3 c5 5. c3 Nc6 6. Nbd2 Bd6 7. Bg3 O-O 8. Bb5
Ne7 9. Bd3 cxd4 10. exd4 b6 11. Qe2 Bb7 12. O-O Bxg3 13. hxg3 Nc8 14. Ne5 Nd6
15. f3 Nh5 16. Qe1 Qg5 17. g4 Nf4 18. Bc2 Ba6 19. g3 Ng6 20. f4 Qe7 21. Rf2 Nxe5
22. fxe5 Nc4 23. Nf3 f5 24. gxf5 exf5 25. Bd3 Bc8 26. Qc1 Rb8 27. Nh4 g6 28. Qh6
b5 29. Raf1 Rb6 30. Nf3 Qg7 31. Qc1 Qe7 32. Rh2 h5 33. Nh4 Kg7 34. Ng2 Be6 35.
Nf4 Bg8 36. Be2 Rc6 37. Bf3 Nb6 38. Qd2 a6 39. Qg2 Qd8 40. a3 Bf7 41. Qe2 Qe7
42. Qe3 Bg8 43. e6 Nc4 44. Qc1 Bxe6 45. Re1 Qf6 46. Bxh5 Bf7 47. Bxg6 Bxg6 48.
Nxd5 Qd6 49. Re7+ Bf7 50. Ne3 Nxe3 51. Qxe3 Qg6 52. Qe5+ Qf6 53. Qe3 Re6 54.
Rxe6 Qxe6 55. Qg5+ Qg6 56. Qh4 Re8 57. Qf4 Re4 1-0

[Event "Chigorin Memorial 2019"]
[Site "St Petersburg RUS"]
[Date "2019.10.09"]
[Round "5.61"]
[White "Zabolotnov, Evgeny"]
[Black "Savinov, Leonid"]
[Result "1/2-1/2"]
[WhiteElo "2255"]
[BlackElo "2086"]
[WhiteFideId "34157619"]
[BlackFideId "4166264"]
[EventDate "2019.10.05"]

1. d4 d5 2. c4 c6 3. Nc3 e6 4. Bf4 dxc4 5. a4 Nf6 6. e3 Nd5 7. Bxc4 Nxf4 8. exf4
Bd6 9. g3 b6 10. Nf3 O-O 11. O-O Nd7 12. Qe2 Nf6 13. Rad1 Nd5 14. Bd3 f5 15. Ne5
Qe8 16. Rfe1 Rf6 17. Bc4 Bb7 18. Ba6 Qc8 19. Bxb7 Qxb7 20. Qc2 Rc8 21. Qb3 Rff8
22. Nc4 Qd7 23. Nxd6 Qxd6 24. Re5 h6 25. Rde1 Rf6 26. Qc4 Rd8 27. Nxd5 exd5 28.
Qc2 Qb4 29. Re8+ Rxe8 30. Rxe8+ Kh7 31. Re5 Kg6 32. h4 h5 33. Qc3 Qxa4 34. Re7
a5 35. Rb7 c5 36. Qe3 Qd1+ 37. Kg2 Qxd4 38. Qe8+ Kh7 39. Qxh5+ Kg8 40. Qe8+ 1/2-1/2

[Event "Chigorin Memorial 2019"]
[Site "St Petersburg RUS"]
[Date "2019.10.09"]
[Round "5.62"]
[White "Pingin, Artem"]
[Black "Dimitrova, Aleksandra"]
[Result "1/2-1/2"]
[WhiteTitle "CM"]
[BlackTitle "WIM"]
[WhiteElo "2085"]
[BlackElo "2241"]
[WhiteFideId "44193645"]
[BlackFideId "24173371"]
[EventDate "2019.10.05"]

1. e4 c5 2. Nf3 e6 3. d4 cxd4 4. Nxd4 a6 5. Bd3 Bc5 6. Nb3 Be7 7. Qg4 Bf6 8. Qe2
d6 9. O-O Ne7 10. f4 Nd7 11. c4 Ng6 12. Be3 Qc7 13. Nc3 O-O 14. Rac1 b6 15. Nd2
Bb7 16. b4 Rac8 17. Nb3 Qb8 18. a4 Rfe8 19. Kh1 Qa8 20. Bd2 Qb8 21. a5 bxa5 22.
Nxa5 Ba8 23. Na4 Bd8 24. Nb3 e5 25. f5 Nf4 26. Qf3 Nxd3 27. Qxd3 Nf6 28. Nc3 Bb6
29. Nd5 Bxd5 30. cxd5 Rxc1 31. Nxc1 Bd4 32. Ne2 Qb5 33. Qf3 Rc8 34. g4 Rc2 35.
Rd1 Bb6 36. g5 Ne8 37. Ng3 Qc4 38. f6 g6 39. Qg4 Qc8 40. Qxc8 Rxc8 41. Rg1 Nc7
42. Rc1 Rb8 43. Ne2 Kf8 44. Nc3 Ke8 45. Na4 Kd7 46. Rc6 Bd4 47. Kg2 Ra8 1/2-1/2

[Event "Chigorin Memorial 2019"]
[Site "St Petersburg RUS"]
[Date "2019.10.09"]
[Round "5.63"]
[White "Ilyasli, Ughur"]
[Black "Khaliullin, Albert"]
[Result "0-1"]
[WhiteTitle "CM"]
[WhiteElo "2243"]
[BlackElo "2053"]
[WhiteFideId "13416197"]
[BlackFideId "44136242"]
[EventDate "2019.10.05"]

1. d4 Nf6 2. c4 b6 3. f3 Nc6 4. Nc3 e5 5. d5 Ne7 6. e4 Ng6 7. Be3 Bc5 8. Qd2 d6
9. O-O-O Bxe3 10. Qxe3 Bd7 11. Nge2 a6 12. h4 h6 13. h5 Ne7 14. g4 Nh7 15. f4
exf4 16. Qxf4 f6 17. Nd4 Ng5 18. Bd3 O-O 19. Rhe1 Nc8 20. Nce2 b5 21. cxb5 axb5
22. Kb1 Nb6 23. Bxb5 Bxb5 24. Nxb5 Na4 25. Ned4 Qd7 26. Qf5 Qf7 27. Rc1 Nc5 28.
b4 c6 29. bxc5 cxb5 30. Nc6 dxc5 31. Rxc5 Qc7 32. Re2 Rfe8 33. Rxb5 Qg3 34. e5
Qg1+ 35. Kb2 Nf7 36. Rb7 Qd1 37. Rc2 Qxd5 38. e6 Ne5 39. Ne7+ Rxe7 40. Rxe7
Qxa2+ 41. Kc1 Qa3+ 42. Kd2 Qxe7 0-1

[Event "Chigorin Memorial 2019"]
[Site "St Petersburg RUS"]
[Date "2019.10.09"]
[Round "5.64"]
[White "Zhukov, Maksim"]
[Black "Silich, Yahor"]
[Result "1/2-1/2"]
[WhiteTitle "FM"]
[BlackTitle "FM"]
[WhiteElo "2000"]
[BlackElo "2131"]
[WhiteFideId "34181790"]
[BlackFideId "13513656"]
[EventDate "2019.10.05"]

1. d4 Nf6 2. c4 g6 3. Nf3 Bg7 4. Nc3 O-O 5. e4 d6 6. Be2 e5 7. O-O c6 8. Qc2
Nbd7 9. Be3 Ng4 10. Bg5 Bf6 11. Bxf6 Ngxf6 12. Rad1 Qe7 13. Rfe1 Kg7 14. Bf1 h6
15. b4 Nh7 16. c5 dxc5 17. dxc5 Ng5 18. Nd2 h5 19. Nc4 h4 20. h3 Nf6 21. Qd2 Ne8
22. Nxe5 a5 23. Qd4 f6 24. Nd3 Ne6 25. Qc4 axb4 26. Qxb4 N8c7 27. e5 f5 28. Nf4
Nxf4 29. Qxf4 Ne6 30. Qb4 Qxc5 31. Qxc5 Nxc5 32. Bc4 b5 33. Bb3 Re8 34. Rd6 b4
35. Nd1 Be6 36. Rxc6 Nxb3 37. axb3 Ra1 38. Kf1 Bxb3 39. Nb2 Rxe1+ 40. Kxe1 Rxe5+
41. Kd2 Rb5 42. g3 hxg3 43. fxg3 Bf7 44. Nd3 b3 45. Kc3 b2 46. Nxb2 Rb3+ 47. Kc2
Rxg3 48. Rc3 f4 49. Nd3 f3 50. Nf2 Be6 51. Kd2 Bxh3 52. Ke3 g5 53. Ne4 1/2-1/2

[Event "Chigorin Memorial 2019"]
[Site "St Petersburg RUS"]
[Date "2019.10.09"]
[Round "5.65"]
[White "Kuzmin, Roman"]
[Black "Kavyev, Ruslan"]
[Result "0-1"]
[WhiteElo "2013"]
[BlackElo "2228"]
[WhiteFideId "44134932"]
[BlackFideId "34110981"]
[EventDate "2019.10.05"]

1. e4 d5 2. exd5 Nf6 3. Bb5+ Bd7 4. Be2 Nxd5 5. d4 g6 6. c4 Nb6 7. Nc3 Bg7 8.
Be3 O-O 9. Nf3 Bg4 10. h3 Bxf3 11. Bxf3 Nc6 12. Bxc6 bxc6 13. b3 c5 14. Ne2 cxd4
15. Bxd4 e5 16. Bc3 Qe7 17. O-O a5 18. Qc2 a4 19. Rad1 axb3 20. axb3 Nd7 21. Nc1
Rfd8 22. Rfe1 Nf8 23. Qe4 Rxd1 24. Rxd1 Rd8 25. Re1 Ne6 26. Kh2 f5 27. Qe3 e4
28. Bxg7 Qxg7 29. f3 Qe5+ 30. Kg1 Nd4 31. Qg5 Ne6 32. Qe3 0-1

[Event "Chigorin Memorial 2019"]
[Site "St Petersburg RUS"]
[Date "2019.10.09"]
[Round "5.66"]
[White "Tarasov, Ilya"]
[Black "Slugin, Yaroslav"]
[Result "1/2-1/2"]
[WhiteElo "2227"]
[BlackElo "2014"]
[WhiteFideId "24157945"]
[BlackFideId "34142913"]
[EventDate "2019.10.05"]

1. d4 Nf6 2. Nc3 d5 3. Bf4 a6 4. e3 e6 5. Nf3 c5 6. Bd3 Nc6 7. O-O Bd6 8. Bxd6
Qxd6 9. dxc5 Qxc5 10. e4 d4 11. Ne2 e5 12. Ng3 O-O 13. Qd2 Ne7 14. Nh4 Ng6 15.
Nxg6 hxg6 16. Rae1 Re8 17. h3 Bd7 18. Ne2 Bc6 19. f3 Rac8 20. g4 Re7 21. Rf2 Ne8
22. h4 Nd6 23. Ng3 f6 24. g5 Kf7 25. h5 gxh5 26. gxf6 gxf6 27. Qh6 Ke6 28. Nxh5
Rg8+ 29. Rg2 Rxg2+ 30. Kxg2 Ne8 31. Ng3 Kd7 32. Qf8 Qa5 33. Rd1 Rg7 34. Kf2 Qd8
35. Nf5 Rg5 36. Qf7+ Kc8 37. Ne7+ Kc7 38. Nxc6+ Kxc6 39. c3 Rg7 40. Qe6+ Kc7 41.
Bf1 Rd7 42. Bh3 Rd6 43. Qf7+ Kb8 44. Qf8 Ka7 45. cxd4 exd4 46. Bf1 d3 47. Rxd3
Rxd3 1/2-1/2

[Event "Chigorin Memorial 2019"]
[Site "St Petersburg RUS"]
[Date "2019.10.09"]
[Round "5.67"]
[White "Nikologorsky, Matfei"]
[Black "Kudin, Alexander"]
[Result "1-0"]
[WhiteElo "2220"]
[BlackElo "1824"]
[WhiteFideId "24102474"]
[BlackFideId "24248550"]
[EventDate "2019.10.05"]

1. e4 e5 2. Nf3 Nc6 3. Bb5 a6 4. Ba4 d6 5. O-O Bg4 6. h3 Bh5 7. c3 Nf6 8. d4
exd4 9. cxd4 b5 10. Bc2 Qd7 11. e5 dxe5 12. dxe5 Qxd1 13. Rxd1 Ng8 14. Be4 Nge7
15. Bf4 Rd8 16. Rxd8+ Nxd8 17. Nc3 Ne6 18. Be3 c6 19. Nd4 Nxd4 20. Bxd4 Kd7 21.
Bb6 b4 22. Na4 Nd5 23. Bf5+ Ke8 24. Rc1 b3 25. axb3 Nb4 26. Be4 Kd7 27. f4 Be2
28. Nc3 Bb5 29. Bf5+ Ke8 30. Nxb5 axb5 31. Ra1 f6 32. Ra8+ Kf7 33. e6+ Ke7 34.
Bc5# 1-0

[Event "Chigorin Memorial 2019"]
[Site "St Petersburg RUS"]
[Date "2019.10.09"]
[Round "5.68"]
[White "Savitskiy, Sergey"]
[Black "Lezina, Anna"]
[Result "1-0"]
[WhiteTitle "IM"]
[WhiteElo "2407"]
[BlackElo "1542"]
[WhiteFideId "24105660"]
[BlackFideId "54147220"]
[EventDate "2019.10.05"]

1. e4 Nf6 2. e5 Nd5 3. d4 d6 4. Nf3 dxe5 5. Nxe5 c6 6. Qf3 Nf6 7. Bc4 e6 8. c3
Nbd7 9. O-O g6 10. Bg5 Bg7 11. Qh3 O-O 12. Re1 c5 13. Nxd7 Bxd7 14. dxc5 Qc8 15.
Qh4 Qxc5 16. Nd2 Nd5 17. Bxd5 Qxd5 18. Ne4 Bc6 19. Rad1 Qf5 20. Nf6+ Bxf6 21.
Bxf6 h5 22. Re5 Qc2 23. Rde1 Qd3 24. h3 Rac8 25. Rg5 Qd2 26. Qxh5 1-0

[Event "Chigorin Memorial 2019"]
[Site "St Petersburg RUS"]
[Date "2019.10.09"]
[Round "5.69"]
[White "Hefner, Felix"]
[Black "Bodnaruk, Anastasia"]
[Result "0-1"]
[BlackTitle "IM"]
[WhiteElo "2036"]
[BlackElo "2415"]
[WhiteFideId "12910651"]
[BlackFideId "4181751"]
[EventDate "2019.10.05"]

1. d4 Nf6 2. c4 g6 3. g3 Bg7 4. Bg2 O-O 5. Nf3 d6 6. O-O Nc6 7. Nc3 a6 8. Qd3
Bd7 9. d5 Nb4 10. Qd1 a5 11. a3 Na6 12. Re1 e5 13. dxe6 fxe6 14. e4 e5 15. Nd5
Nc5 16. Bg5 a4 17. Rb1 Be6 18. Nd2 Qd7 19. Rf1 b5 20. Be3 Na6 21. cxb5 Qxb5 22.
Nc3 Qd7 23. Qxa4 c6 24. f3 Qb7 25. Qa5 Rfb8 26. Nd1 d5 27. Bf2 Nd7 28. Qc3 Nb6
29. Rc1 Rc8 30. Qb3 Rab8 31. Nc3 Qf7 32. Na4 Nxa4 33. Qxa4 Rxb2 34. Rfd1 Qb7 35.
Bf1 Nb8 36. Bc5 Bh6 37. Rc2 Nd7 38. Ba6 Nxc5 0-1

[Event "Chigorin Memorial 2019"]
[Site "St Petersburg RUS"]
[Date "2019.10.09"]
[Round "5.70"]
[White "Radzhabov, Rodion"]
[Black "Ponomarev, Denis"]
[Result "1-0"]
[WhiteTitle "FM"]
[WhiteElo "2384"]
[BlackElo "2031"]
[WhiteFideId "884715"]
[BlackFideId "44136650"]
[EventDate "2019.10.05"]

1. e4 c5 2. Nf3 e6 3. d4 cxd4 4. Nxd4 Nc6 5. Nc3 Qc7 6. Be3 a6 7. Qf3 Bd6 8.
O-O-O Be5 9. Nxc6 bxc6 10. Bd4 Nf6 11. Bxe5 Qxe5 12. Qe3 O-O 13. f4 Qc7 14. e5
Nd5 15. Nxd5 cxd5 16. Bd3 d6 17. Qh3 h6 18. Rde1 Rb8 19. g4 Qb6 20. b3 Qd4 21.
Rhf1 dxe5 22. fxe5 Rb4 23. a3 Qxg4 24. Qe3 Rb8 25. Rf4 Qh5 26. h4 f5 27. exf6
gxf6 28. Rg1+ Kh8 29. Bg6 d4 30. Rxd4 1-0

[Event "Chigorin Memorial 2019"]
[Site "St Petersburg RUS"]
[Date "2019.10.09"]
[Round "5.71"]
[White "Ponfilenok, Vladimir"]
[Black "Gordon, Evgeny"]
[Result "1-0"]
[WhiteElo "2348"]
[BlackElo "2030"]
[WhiteFideId "24113522"]
[BlackFideId "2807289"]
[EventDate "2019.10.05"]

1. d4 d5 2. c4 e6 3. Nf3 Be7 4. g3 Nf6 5. Bg2 O-O 6. O-O dxc4 7. Qc2 a6 8. a4
Bd7 9. Qxc4 Bc6 10. Bg5 a5 11. Nc3 Nbd7 12. Qd3 h6 13. Bxf6 Bxf6 14. e4 Ne5 15.
Nxe5 Bxe5 16. Rfd1 Bd6 17. Nb5 Bb4 18. Rac1 Ra6 19. Qc4 Rb6 20. Nc3 Bxc3 21.
bxc3 Qd7 22. Ra1 Qd6 23. h4 Rd8 24. Rdb1 Rxb1+ 25. Rxb1 Qd7 26. e5 Bxg2 27. Kxg2
b6 28. Qb5 Qxb5 29. Rxb5 Rb8 30. Kf3 c6 31. Rb1 Kf8 32. Ke4 Ke7 33. c4 Kd7 34.
f4 Kc7 35. g4 b5 36. cxb5 cxb5 37. axb5 Kb6 38. d5 exd5+ 39. Kxd5 Rc8 40. f5
Rd8+ 41. Ke4 Rd2 42. e6 fxe6 43. fxe6 a4 44. Re1 Kc7 45. b6+ Kd6 46. Rb1 Re2+
47. Kd3 1-0

[Event "Chigorin Memorial 2019"]
[Site "St Petersburg RUS"]
[Date "2019.10.09"]
[Round "5.72"]
[White "Askerov, Marat"]
[Black "Postanogov, Dmitrii"]
[Result "1-0"]
[WhiteTitle "FM"]
[WhiteElo "2334"]
[BlackElo "2019"]
[WhiteFideId "24175200"]
[BlackFideId "44120419"]
[EventDate "2019.10.05"]

1. d4 d5 2. c4 c6 3. cxd5 cxd5 4. Bf4 Nf6 5. Nc3 Nc6 6. e3 a6 7. Bd3 Bg4 8. f3
Bd7 9. Nge2 e6 10. g4 b5 11. Ng3 h6 12. h4 Be7 13. Kf2 Ng8 14. h5 Nf6 15. a4
bxa4 16. Nxa4 Nb4 17. Be2 O-O 18. Qd2 Nc6 19. Rhc1 Bb4 20. Qd1 g5 21. hxg6 fxg6
22. Qh1 h5 23. g5 Nh7 24. Nxh5 gxh5 25. Qxh5 Qe7 26. Nb6 Be8 27. Qh6 Bd2 28. g6
Bxc1 29. Rxc1 Nf6 30. Nxa8 Qg7 31. Qxg7+ Kxg7 32. Nc7 1-0

[Event "Chigorin Memorial 2019"]
[Site "St Petersburg RUS"]
[Date "2019.10.09"]
[Round "5.73"]
[White "Goltseva, Ekaterina"]
[Black "Bondareva, Daria"]
[Result "1/2-1/2"]
[WhiteTitle "FM"]
[BlackTitle "WCM"]
[WhiteElo "2317"]
[BlackElo "2012"]
[WhiteFideId "24173770"]
[BlackFideId "44131356"]
[EventDate "2019.10.05"]

1. d4 Nf6 2. c4 e6 3. g3 d5 4. Nf3 Be7 5. Bg2 O-O 6. Nc3 b6 7. O-O Bb7 8. Ne5
Nbd7 9. Qa4 Nxe5 10. dxe5 Ne4 11. Nxe4 dxe4 12. Rd1 Qe8 13. Qc2 Qc6 14. Rd4 Qc5
15. Rd7 Rad8 16. Be3 Qxe5 17. Bf4 Qf6 18. Rxc7 Ba8 19. Rxa7 Bc5 20. Bxe4 Bxe4
21. Qxe4 Qxb2 22. Rb1 Qc3 23. Rc1 Qb2 24. Qc2 Qf6 25. Rf1 Rc8 26. Qe4 Bd4 27. e3
e5 28. exd4 exf4 29. d5 Qc3 30. Qxf4 Rxc4 31. Qf5 g6 32. Qg5 Qd4 33. Qe3 Qxd5
34. Qxb6 Rfc8 35. Qb7 Qxb7 36. Rxb7 Ra4 37. Rb2 Rca8 38. Ra1 Ra3 39. Kf1 Kg7 40.
Re2 h5 41. h4 Kf6 42. Ke1 1/2-1/2

[Event "Chigorin Memorial 2019"]
[Site "St Petersburg RUS"]
[Date "2019.10.09"]
[Round "5.74"]
[White "Khakimov, Timur"]
[Black "Strukova, Ksenia"]
[Result "1/2-1/2"]
[WhiteTitle "IM"]
[BlackTitle "WCM"]
[WhiteElo "2278"]
[BlackElo "2002"]
[WhiteFideId "4169115"]
[BlackFideId "34106623"]
[EventDate "2019.10.05"]

1. d4 Nf6 2. Nc3 d5 3. Bf4 e6 4. e3 c5 5. Nf3 a6 6. dxc5 Bxc5 7. Bd3 Nc6 8. O-O
O-O 9. e4 dxe4 10. Nxe4 Be7 11. Qe2 g6 12. Rad1 Nxe4 13. Bxe4 Qb6 14. c3 Bf6 15.
Bxc6 Qxc6 16. Bh6 Re8 17. Ne5 Qc7 18. Rfe1 Bxe5 19. Qxe5 Qxe5 20. Rxe5 f6 21.
Rc5 Kf7 22. Be3 e5 23. Rc7+ Re7 24. Rxe7+ Kxe7 25. Bc5+ Ke8 26. Rd6 f5 27. Rf6
b5 28. f3 a5 29. g4 fxg4 30. fxg4 Ra6 31. Rf8+ Kd7 32. g5 b4 33. cxb4 axb4 34.
Bxb4 Rxa2 35. Bc3 e4 36. Kf2 Ba6 37. Rh8 Ke6 38. Rxh7 Kf5 39. h4 Ra1 40. Ke3 Bd3
41. Rf7+ Kg4 42. Rg7 Kh5 1/2-1/2

[Event "Chigorin Memorial 2019"]
[Site "St Petersburg RUS"]
[Date "2019.10.09"]
[Round "5.75"]
[White "Yandarbiev, Ruslan"]
[Black "Pogosian, Vladimir"]
[Result "0-1"]
[WhiteTitle "IM"]
[WhiteElo "2278"]
[BlackElo "1997"]
[WhiteFideId "4115023"]
[BlackFideId "13301586"]
[EventDate "2019.10.05"]

1. e4 d6 2. d4 Nf6 3. Nc3 c6 4. a4 Qc7 5. Nf3 e5 6. Bc4 Be7 7. O-O O-O 8. Re1
Bg4 9. dxe5 dxe5 10. h3 Bh5 11. g4 Bg6 12. Nh4 Nbd7 13. Nf5 Bb4 14. Qf3 a5 15.
Bg5 Kh8 16. Red1 Ng8 17. Ne2 Nc5 18. c3 Ne6 19. Bd2 Bc5 20. h4 h6 21. g5 h5 22.
Nfg3 b5 23. axb5 cxb5 24. Bd5 Rad8 25. Nxh5 Ne7 26. Ba2 Bb6 27. Nhg3 Nc5 28. h5
Bh7 29. Be3 f5 30. gxf6 Rxf6 31. Rxd8+ Qxd8 32. Qg4 0-1

[Event "Chigorin Memorial 2019"]
[Site "St Petersburg RUS"]
[Date "2019.10.09"]
[Round "5.76"]
[White "Sokolov, Nikita Dm."]
[Black "Ter-Saakian, Grigorii"]
[Result "0-1"]
[BlackTitle "FM"]
[WhiteElo "2022"]
[BlackElo "2277"]
[WhiteFideId "34106526"]
[BlackFideId "34136204"]
[EventDate "2019.10.05"]

1. d4 d5 2. c4 c6 3. Nc3 Nf6 4. e3 e6 5. Nf3 Nbd7 6. Bd3 dxc4 7. Bxc4 b5 8. Bd3
Bd6 9. O-O O-O 10. Bd2 Bb7 11. Rc1 Rc8 12. Ne4 Be7 13. Nxf6+ Nxf6 14. e4 a6 15.
b4 Qb6 16. a4 Rfd8 17. a5 Qc7 18. Qe2 h6 19. h3 Nd7 20. e5 Nf8 21. Bc3 Rd7 22.
Rcd1 Rcd8 23. Bb1 f5 24. exf6 Bxf6 25. Rfe1 c5 26. Ne5 Bxe5 27. dxe5 Rxd1 28.
Rxd1 Rxd1+ 29. Qxd1 Qd7 30. Qe2 cxb4 31. Bxb4 Qd5 32. Qf3 Qxf3 33. gxf3 Bxf3 34.
Ba2 Bd5 35. Bxd5 exd5 36. f4 Ne6 37. f5 Nd4 38. e6 Nxf5 0-1

[Event "Chigorin Memorial 2019"]
[Site "St Petersburg RUS"]
[Date "2019.10.09"]
[Round "5.77"]
[White "Vunder, Andrey"]
[Black "Bimiev, Ahmad"]
[Result "1/2-1/2"]
[WhiteElo "2027"]
[BlackElo "2266"]
[WhiteFideId "4128338"]
[BlackFideId "24102938"]
[EventDate "2019.10.05"]

1. d4 d5 2. Bf4 Nf6 3. e3 g6 4. Nf3 Bg7 5. Be2 O-O 6. O-O Nbd7 7. h3 b6 8. c4
Bb7 9. Nc3 c5 10. Rc1 cxd4 11. exd4 dxc4 12. Bxc4 a6 13. a4 e6 14. Qe2 Re8 15.
Rfe1 Nb8 16. Bg5 Nc6 17. d5 exd5 18. Qxe8+ Qxe8 19. Rxe8+ Rxe8 20. Nxd5 Nxd5 21.
Bxd5 Rc8 22. Be3 b5 23. axb5 axb5 24. Ng5 Nd8 25. Rxc8 Bxc8 26. Bb6 Ne6 27. Nxe6
Bxe6 28. Bxe6 fxe6 1/2-1/2

[Event "Chigorin Memorial 2019"]
[Site "St Petersburg RUS"]
[Date "2019.10.09"]
[Round "5.78"]
[White "Petrushev, Nikita"]
[Black "Danilova, Rada"]
[Result "0-1"]
[BlackTitle "WCM"]
[WhiteElo "2233"]
[BlackElo "1986"]
[WhiteFideId "34117803"]
[BlackFideId "34156760"]
[EventDate "2019.10.05"]

1. e4 c5 2. Nf3 Nc6 3. Bb5 g6 4. Bxc6 dxc6 5. d3 Bg7 6. h3 Nf6 7. Nc3 Nd7 8. Be3
e5 9. Qd2 h6 10. a3 b6 11. b4 Nf8 12. bxc5 Ne6 13. cxb6 axb6 14. Rb1 Nd4 15.
Bxd4 exd4 16. Ne2 c5 17. O-O Rxa3 18. Qc1 Ra6 19. Nd2 O-O 20. f4 f5 21. exf5
Bxf5 22. Ng3 Be6 23. Qe1 Qd7 24. Qe2 Bd5 25. Nde4 Kh7 26. Rf2 Ba2 27. Rbf1 Be6
28. Rb1 Ba2 29. Ra1 Bc4 30. Rxa6 Bxa6 31. h4 Bc8 32. h5 Qg4 33. hxg6+ Qxg6 34.
Qf1 Qg4 35. Rf3 Qh4 36. f5 Be5 37. Qa1 Bc7 38. Qa7 Rf7 39. Qa8 Bxg3 40. Rxg3 Qd8
41. f6 Qc7 42. Ng5+ hxg5 43. Rxg5 Qf4 44. Qd5 Qxf6 45. Rh5+ Kg6 46. Kh2 Bg4 47.
Qe4+ 0-1

[Event "Chigorin Memorial 2019"]
[Site "St Petersburg RUS"]
[Date "2019.10.09"]
[Round "5.79"]
[White "Vorobieva, Varvara"]
[Black "Mochalin, Faddey"]
[Result "0-1"]
[WhiteElo "2015"]
[BlackElo "2173"]
[WhiteFideId "44126590"]
[BlackFideId "34147290"]
[EventDate "2019.10.05"]

1. e4 e6 2. d4 d5 3. e5 c5 4. c3 Qb6 5. Nf3 Nc6 6. Be2 cxd4 7. cxd4 Nh6 8. Bd3
Bd7 9. Bc2 Nf5 10. Bxf5 exf5 11. O-O Be7 12. Nc3 Be6 13. a3 Rc8 14. Na4 Qd8 15.
b4 O-O 16. Be3 b6 17. Qd2 h6 18. Nb2 Kh7 19. Ne1 f6 20. Nbd3 fxe5 21. Nxe5 Nxe5
22. dxe5 d4 23. Bxd4 Bc4 24. Nf3 Bxf1 25. Rxf1 Qd5 26. Qe2 Rfd8 27. h3 Rc4 28.
Rd1 a5 29. Rd2 Qe6 30. bxa5 bxa5 31. Bb2 Re4 32. Qd1 Rb8 33. Qc2 Qc4 34. Kh2
Qxc2 35. Rxc2 Ra4 36. Nd4 Rxb2 0-1

[Event "Chigorin Memorial 2019"]
[Site "St Petersburg RUS"]
[Date "2019.10.09"]
[Round "5.80"]
[White "Kazmin, Semen"]
[Black "Erastov, Semen"]
[Result "1/2-1/2"]
[WhiteElo "2190"]
[BlackElo "1981"]
[WhiteFideId "34171409"]
[BlackFideId "34147141"]
[EventDate "2019.10.05"]

1. a3 d5 2. e3 Nf6 3. Nf3 g6 4. b4 Bg7 5. Bb2 O-O 6. c4 c6 7. Be2 a5 8. b5 cxb5
9. cxb5 Nbd7 10. a4 Nc5 11. O-O Bf5 12. d4 Nce4 13. Nbd2 Rc8 14. Rc1 Nxd2 15.
Nxd2 Qd7 16. Qb3 b6 17. Ba3 Ne4 18. Nxe4 Bxe4 19. Qb2 Bf6 20. f3 Bf5 21. Rxc8
Rxc8 22. Rc1 h5 23. Rc3 Kf8 24. Qc1 Rxc3 25. Qxc3 Ke8 26. Qc6 Qxc6 27. bxc6 Kd8
28. Bc1 e5 29. Bb5 Be6 30. e4 Kc7 31. f4 dxe4 32. fxe5 Be7 33. h4 Bd5 34. Bf4
Bxc6 35. e6+ Kb7 36. Bxc6+ Kxc6 37. exf7 Bf8 38. Kf2 b5 39. axb5+ Kxb5 40. Ke3
Kc6 41. Kxe4 Kd7 42. Kd5 a4 43. Bc1 a3 44. Kc4 a2 45. Bb2 Ke6 46. Kb3 Kxf7 47.
Kxa2 Be7 1/2-1/2

[Event "Chigorin Memorial 2019"]
[Site "St Petersburg RUS"]
[Date "2019.10.09"]
[Round "5.81"]
[White "Saveljev, Ivan"]
[Black "Artamonov, Valery"]
[Result "0-1"]
[WhiteElo "2010"]
[BlackElo "2169"]
[WhiteFideId "54158257"]
[BlackFideId "24100480"]
[EventDate "2019.10.05"]

1. e4 g6 2. d4 d6 3. Nf3 Bg7 4. Nc3 a6 5. a4 b6 6. Be3 Bb7 7. Bd3 Nd7 8. O-O e6
9. Re1 Ne7 10. Qd2 h6 11. Rad1 Kf8 12. h3 Kg8 13. Nh2 Kh7 14. f4 f5 15. d5 fxe4
16. Bxe4 Bxc3 17. bxc3 Bxd5 18. Bd4 Rf8 19. c4 Bxe4 20. Rxe4 Nf5 21. Rxe6 Re8
22. Rxe8 Qxe8 23. Bf2 Qf7 24. Qd5 Qxd5 25. cxd5 Re8 26. g4 Ng7 27. Rd4 Re2 28.
Rc4 Ne8 29. Kf1 Re7 30. a5 bxa5 31. Ra4 Nef6 32. Rxa5 Re4 33. g5 Nh5 34. Rxa6
Nxf4 35. Rc6 Nxd5 36. c4 Ne5 37. cxd5 Nxc6 38. dxc6 Rc4 39. Ng4 hxg5 40. Nf6+
Kh6 41. Kg2 Rxc6 0-1